Mentioned Countries in "Geography Now - Austria" - Statistics

General Stats
  • This quiz has been taken 40 times
  • The average score is 11 of 16
Answer Stats
# Country % Correct
6 Germany
100%
6 Italy
97%
50 Austria
95%
1 Hungary
95%
1 Czech Republic
92%
2 Liechtenstein
89%
1 Slovakia
89%
1 France
86%
1 Russia
84%
1 Spain
78%
3 Serbia
62%
2 Bosnia and Herzegovina
57%
1 Albania
41%
1 Mexico
27%
1 Latvia
22%
1 Azerbaijan
19%
No matching quizzes found
Score Distribution
Percent of People with Each Score
Percentile by Number Answered
Your Score History
You have not taken this quiz